शेष अगले अंक में / (Record no. 116638)

MARC details
000 -LEADER
fixed length control field 01122nam a22002777a 4500
003 - CONTROL NUMBER IDENTIFIER
control field dpl
005 - DATE AND TIME OF LATEST TRANSACTION
control field 20181112134207.0
008 - FIXED-LENGTH DATA ELEMENTS--GENERAL INFORMATION
fixed length control field 181112b ||||| |||| 00| 0 eng d
010 ## - LIBRARY OF CONGRESS CONTROL NUMBER
LC control number B-000909
020 ## - INTERNATIONAL STANDARD BOOK NUMBER
Terms of availability 150.00
International Standard Book Number 8170164672
035 ## - SYSTEM CONTROL NUMBER
System control number B-000909, B-000927
037 ## - SOURCE OF ACQUISITION
Source of stock number/acquisition Cen Lib/Ret
040 ## - CATALOGING SOURCE
Original cataloging agency DPL
Language of cataloging HN
Transcribing agency 0
082 ## - DEWEY DECIMAL CLASSIFICATION NUMBER
Classification number
Item number तिवारी
100 ## - MAIN ENTRY--PERSONAL NAME
Personal name तिवारी, अरविन्द
9 (RLIN) 67526
245 ## - TITLE STATEMENT
Title शेष अगले अंक में /
Statement of responsibility, etc अरविन्द तिवारी
246 ## - VARYING FORM OF TITLE
Title proper/short title Shesh agle ank me /
Remainder of title by Arvind Tiwari
260 ## - PUBLICATION, DISTRIBUTION, ETC. (IMPRINT)
Place of publication, distribution, etc नयी दिल्ली
Name of publisher, distributor, etc किताबघर प्रकाशन
Date of publication, distribution, etc 2000
270 ## - ADDRESS
Address 24, अंसारी रोड, दरियागंज
City नयी दिल्ली
Postal code 110002
300 ## - PHYSICAL DESCRIPTION
Extent 227पृ.
Dimensions 20सेमी(सजिल्द )
650 ## - SUBJECT ADDED ENTRY--TOPICAL TERM
Topical term or geographic name as entry element हिंदी साहित्य
General subdivision
Geographic subdivision
9 (RLIN) 67527
650 ## - SUBJECT ADDED ENTRY--TOPICAL TERM
Topical term or geographic name as entry element हिंदी -- उपन्यास
9 (RLIN) 67528
650 ## - SUBJECT ADDED ENTRY--TOPICAL TERM
Topical term or geographic name as entry element Hindi literature
Form subdivision
9 (RLIN) 67529
650 ## - SUBJECT ADDED ENTRY--TOPICAL TERM
Topical term or geographic name as entry element Hindi -- Fiction
9 (RLIN) 27248
942 ## - ADDED ENTRY ELEMENTS (KOHA)
Source of classification or shelving scheme Dewey Decimal Classification
Koha item type Hindi Books
Classification part
Call number suffix तिवारी
Holdings
Withdrawn status Lost status Damaged status Not for loan Home library Current library Date acquired Source of acquisition Cost, normal purchase price Total Checkouts Full call number Barcode Date last seen Date checked out Copy number Cost, replacement price Price effective from Koha item type Source of classification or shelving scheme Collection code Shelving location
        Central Library Central Library 25/08/2015 Cen Lib/Ret 150.00 3 उ तिवारी B-000909 01/03/2023 25/02/2023 1 150.00 25/08/2015 Hindi Books      
        Patel Nagar Patel Nagar 15/09/2000 BPPD/PUB 150.00   उ तिवारी B-000907 03/02/2020   1 150.00 03/02/2020 Hindi Books Dewey Decimal Classification Fiction Fiction
        Shahdara Branch Shahdara Branch 12/11/2018 BPPD/PUB 150.00   उ तिवारी B-000927 12/11/2018     150.00 12/11/2018 Hindi Books Dewey Decimal Classification Fiction  

© Delhi Public Library
Hit Counter
free hit counter